[Event "Rewal op-B 17th"]
[Site "Rewal"]
[Date "2012.08.??"]
[Round "9"]
[White "Blaszkiewicz, Mateusz"]
[Black "Jaskiewicz, Kamila"]
[Result "1-0"]
[WhiteElo "1879"]
[BlackElo "1661"]
[PlyCount "75"]
[EventDate "2012.08.20"]
[EventType "swiss"]
[EventRounds "9"]
[EventCountry "POL"]
[SourceTitle "EXT 2014"]
[Source "ChessBase"]
[SourceDate "2013.11.20"]
[SourceVersion "1"]
[SourceVersionDate "2013.11.20"]
[SourceQuality "1"]

1. e4 c5 2. Nf3 e6 3. d4 cxd4 4. Nxd4 a6 5. Bd3 Nf6 6. c4 Nc6 7. Nxc6 dxc6 8. 0-0 b5 9. e5 Nd7 10. f4 Bb7 11. Nc3 Bc5+ 12. Kh1 Nb6 13. Ne4 Be7 14. c5 Nd5 15. Nd6+ Bxd6 16. exd6 0-0 17. Rb1 a5 18. Qe2 Nb4 19. b3 Nxd3 20. Qxd3 b4 21. Bb2 f6 22. Rfe1 Qd7 23. Qh3 Rae8 24. Re3 Bc8 25. Qh4 Qa7 26. Rh3 h6 27. Rg3 Kh7 28. Rd1 Rf7 29. Qh5 Ref8 30. h3 Qd7 31. Rdd3 Ba6 32. Rde3 Bc8 33. Qg6+ Kh8 34. Rg4 Qe8 35. Rh4 Ra7 36. Rxh6+ gxh6 37. Bxf6+ Rxf6 38. Qxe8+ 1-0

[Event "Rewal op-B 17th"]
[Site "Rewal"]
[Date "2012.08.??"]
[Round "5"]
[White "Woloch, Oskar"]
[Black "Blaszkiewicz, Mateusz"]
[Result "0-1"]
[WhiteElo "1564"]
[BlackElo "1879"]
[PlyCount "84"]
[EventDate "2012.08.20"]
[EventType "swiss"]
[EventRounds "9"]
[EventCountry "POL"]
[SourceTitle "EXT 2014"]
[Source "ChessBase"]
[SourceDate "2013.11.20"]
[SourceVersion "1"]
[SourceVersionDate "2013.11.20"]
[SourceQuality "1"]

1. g3 e5 2. Bg2 d5 3. c4 c6 4. cxd5 cxd5 5. Qb3 Nf6 6. d3 Nc6 7. e3 Rb8 8. Nc3 Be6 9. Qc2 Be7 10. a3 0-0 11. Nge2 Qd7 12. 0-0 Rfc8 13. d4 Bg4 14. dxe5 Nxe5 15. f4 Nc4 16. Nd4 Bc5 17. Qf2 Re8 18. b3 Nb6 19. f5 Re5 20. Nce2 Rbe8 21. Nf4 Bxf5 22. b4 Ng4 23. Qa2 Bf8 24. Nxf5 Rxf5 25. Bh3 h5 26. Qe2 d4 27. Bxg4 hxg4 28. Qxg4 dxe3 29. Re1 Nd5 30. Bb2 Nxf4 31. gxf4 Qe6 32. Bd4 Qe4 33. Bxe3 Rf6 34. Kf2 Rc6 35. Qf3 Qe7 36. Qh3 Qf6 37. Ra2 Bd6 38. f5 Re5 39. Bxa7 Rxf5+ 40. Ke2 Qe6+ 41. Kd1 Rd5+ 42. Rd2 Rxd2+ 0-1

[Event "POL-chT U19 2nd League"]
[Site "Borowice"]
[Date "2012.07.27"]
[Round "9"]
[White "Paszewski, Mateusz"]
[Black "Blaszkiewicz, Mateusz"]
[Result "1-0"]
[WhiteElo "2028"]
[BlackElo "1879"]
[PlyCount "87"]
[EventDate "2012.07.21"]
[EventType "team-swiss"]
[EventRounds "11"]
[EventCountry "POL"]
[SourceTitle "EXT 2014"]
[Source "ChessBase"]
[SourceDate "2013.11.20"]
[SourceVersion "1"]
[SourceVersionDate "2013.11.20"]
[SourceQuality "1"]
[WhiteTeam "Czestochowa UKS Hetman U19"]
[BlackTeam "Kozuchow Odrodzenie U19"]
[WhiteTeamCountry "POL"]
[BlackTeamCountry "POL"]

1. c4 e5 2. g3 Nc6 3. Bg2 g6 4. Nc3 Bg7 5. d3 d6 6. Rb1 h5 7. h4 Bg4 8. b4 Qc8 9. b5 Nd4 10. Qa4 Ne7 11. e3 Ne6 12. b6+ c6 13. Ne4 0-0 14. bxa7 Rd8 15. Ba3 Qc7 16. Nf3 f5 17. Neg5 Nxg5 18. Nxg5 f4 19. 0-0 Qd7 20. f3 fxe3 21. fxg4 e2 22. Rf3 Qxg4 23. Bb2 e4 24. Bh3 Bxb2 25. Bxg4 hxg4 26. dxe4 Bd4+ 27. Kg2 gxf3+ 28. Nxf3 Rxa7 29. Qc2 Rda8 30. Re1 Rxa2 31. Qd3 Bc5 32. Rxe2 R8a3 33. Qd1 Ra1 34. Qd2 b5 35. cxb5 cxb5 36. Qg5 Kf7 37. e5 R3a2 38. e6+ Kf8 39. Qf6+ Kg8 40. Qf7+ Kh8 41. Rxa2 Rxa2+ 42. Kh3 Ra7 43. Ng5 Ng8 44. Qxg6 1-0

[Event "Rewal op-B 16th"]
[Site "Rewal"]
[Date "2011.08.24"]
[Round "5"]
[White "Blaszkiewicz, Mateusz"]
[Black "Lizak, Jakub"]
[Result "1-0"]
[WhiteElo "1871"]
[BlackElo "1772"]
[PlyCount "62"]
[EventDate "2011.08.18"]
[EventType "swiss"]
[EventRounds "9"]
[EventCountry "POL"]
[SourceTitle "CBM 144 Extra"]
[Source "ChessBase"]
[SourceDate "2011.10.28"]
[SourceVersion "1"]
[SourceVersionDate "2011.10.28"]
[SourceQuality "1"]

1. e4 c5 2. Nf3 Nc6 3. d4 cxd4 4. Nxd4 Nf6 5. Nc3 e5 6. Ndb5 d6 7. Nd5 Nxd5 8. exd5 Nb8 9. c4 a6 10. Nc3 Be7 11. Bd3 0-0 12. 0-0 f5 13. f3 Bg5 14. Kh1 Nd7 15. b4 Bxc1 16. Rxc1 Qh4 17. Ne2 Rf6 18. Qe1 Qg5 19. c5 e4 20. fxe4 Ne5 21. Nf4 fxe4 22. Qxe4 Bf5 23. Qe2 Bg4 24. Qe4 Bf5 25. Qd4 Raf8 26. Rfe1 Ng4 27. Bxf5 Rxf5 28. Ne6 Rxd5 29. Nxg5 Rxd4 30. Ne6 Nf2+ 31. Kg1 Nd3 1-0

[Event "POL-ch U16"]
[Site "Murzasichle"]
[Date "2011.03.08"]
[Round "5"]
[White "Blaszkiewicz, Mateusz"]
[Black "Oszczanowski, Witold"]
[Result "1-0"]
[WhiteElo "1891"]
[BlackElo "1746"]
[PlyCount "155"]
[EventDate "2011.03.05"]
[EventType "swiss"]
[EventRounds "9"]
[EventCountry "POL"]
[SourceTitle "EXT 2012"]
[Source "ChessBase"]
[SourceDate "2011.11.24"]
[SourceVersion "1"]
[SourceVersionDate "2011.11.24"]
[SourceQuality "1"]

1. g3 e5 2. Bg2 d5 3. c4 c6 4. d4 e4 5. Nc3 Be6 6. Nh3 Qd7 7. Nf4 Nf6 8. cxd5 cxd5 9. Nxe6 fxe6 10. Bf4 Nc6 11. e3 Be7 12. h4 0-0 13. h5 Nb4 14. Bf1 Rac8 15. a3 Nc6 16. Bh3 a6 17. Na4 Rce8 18. b4 Kh8 19. Nc5 Bxc5 20. bxc5 Qd8 21. Rb1 Rf7 22. h6 g6 23. Rb6 Qa8 24. 0-0 Nd7 25. Rb2 Na5 26. Qg4 Nc4 27. Rb4 Nd2 28. Qe2 Nxf1 29. Kxf1 Nb8 30. Rb6 Nc6 31. Qb2 Kg8 32. Kg1 Ree7 33. Qe2 Re8 34. Bd6 Qd8 35. Qb2 Qd7 36. Qe2 Na5 37. Rb4 Nc4 38. Rxc4 dxc4 39. Qxc4 Rf5 40. Bxf5 gxf5 41. d5 exd5 42. Qxd5+ Qf7 43. Qd4 Re6 44. Bf4 Re8 45. Qd6 Qe6 46. Qc7 Qe7 47. Qb6 Rc8 48. Bg5 Qf7 49. Bf6 Qd5 50. Bd4 Qf7 51. Qd6 Re8 52. Bc3 Qe6 53. Qc7 Qf7 54. Qb6 Qe7 55. Ba1 Qd7 56. Qb3+ Qf7 57. Qb2 Kf8 58. Qh8+ Ke7 59. Qe5+ Kf8 60. Qf4 Qd5 61. Bd4 Qf7 62. Qg5 Qg6 63. Qxg6 hxg6 64. h7 Kf7 65. h8Q Rxh8 66. Bxh8 Ke6 67. Bd4 Kd5 68. Kf1 Kc4 69. Ke2 Kb3 70. Kd2 a5 71. Bc3 a4 72. Bb4 Kc4 73. Kc2 g5 74. Ba5 Kxc5 75. Bd8 g4 76. Kc3 b5 77. Be7+ Kc6 78. Kd4 1-0

[Event "POL-chT U19 1st League"]
[Site "Ustron"]
[Date "2011.??.??"]
[Round "1.1"]
[White "Adamowicz, Maciej"]
[Black "Blaszkiewicz, Mateusz"]
[Result "0-1"]
[WhiteElo "1991"]
[BlackElo "1901"]
[PlyCount "102"]
[EventDate "2011.06.24"]
[EventType "team-tourn"]
[EventRounds "9"]
[EventCountry "POL"]
[SourceTitle "EXT 2015"]
[Source "ChessBase"]
[SourceDate "2014.11.20"]
[SourceVersion "1"]
[SourceVersionDate "2014.11.20"]
[SourceQuality "1"]
[WhiteTeam "Grzybowo GKSz Solny U19"]
[BlackTeam "Gorzow Wielkopolski Stilon U19 II"]
[WhiteTeamCountry "POL"]
[BlackTeamCountry "POL"]

1. e4 c5 2. Nf3 g6 3. d4 Bg7 4. c4 cxd4 5. Nxd4 Nc6 6. Be3 Nf6 7. Nc3 d6 8. Be2 0-0 9. 0-0 a5 10. b3 Bd7 11. Nc2 Ng4 12. Bd2 h5 13. Rc1 Nb4 14. Nd5 Nxa2 15. Ra1 Bxa1 16. Qxa1 Nb4 17. Bxg4 Nxc2 18. Qb2 Bxg4 19. Bh6 e5 20. Bxf8 Kxf8 21. Qxc2 Be6 22. Nc3 Qb6 23. Rd1 Rd8 24. Rd2 Bd7 25. Qd1 Qb4 26. Nd5 Qc5 27. Rd3 Kg7 28. Qd2 Bc6 29. Qg5 Rf8 30. Qf6+ Kh7 31. Qe7 Qa3 32. g4 Bxd5 33. Rxd5 Qc1+ 34. Kg2 Kg7 35. Rxd6 Qf4 36. g5 Qxe4+ 37. Kg1 Qe1+ 38. Kg2 Qe4+ 39. Kg1 Qb1+ 40. Kg2 Qe4+ 41. Kg1 Qg4+ 42. Kf1 Qh3+ 43. Kg1 Qxb3 44. Qxe5+ Kg8 45. Qe4 Qc3 46. Kg2 a4 47. Rd3 Qb4 48. Qd5 a3 49. c5 Ra8 50. Rf3 Qg4+ 51. Kf1 Qxf3 0-1

[Event "POL-chT U19 41st"]
[Site "Ustron"]
[Date "2010.07.14"]
[Round "9"]
[White "Blaszkiewicz, Mateusz"]
[Black "Khamidov, Komil"]
[Result "1-0"]
[WhiteElo "1929"]
[BlackElo "1938"]
[PlyCount "73"]
[EventDate "2010.07.06"]
[EventType "team-tourn"]
[EventRounds "9"]
[EventCountry "POL"]
[SourceTitle "EXT 2019"]
[Source "ChessBase"]
[SourceDate "2018.10.10"]
[SourceVersion "1"]
[SourceVersionDate "2018.10.10"]
[SourceQuality "1"]
[WhiteTeam "Skierniewice KS Piatka U19"]
[BlackTeam "Wroclaw Polonia U19"]
[WhiteTeamCountry "POL"]
[BlackTeamCountry "POL"]

1. e4 e6 2. d4 d5 3. e5 c5 4. c3 Nc6 5. Nf3 Qb6 6. a3 Nh6 7. b4 cxd4 8. cxd4 Bd7 9. Bb2 Nf5 10. g4 Nh6 11. h3 Rc8 12. Nc3 Na5 13. Na4 Qc6 14. Nc5 Nc4 15. Bxc4 dxc4 16. Nxd7 c3 17. Rc1 Qxd7 18. Rxc3 Rxc3 19. Bxc3 Qc6 20. Qd3 Ng8 21. 0-0 b5 22. Rc1 Ne7 23. Bd2 Qb7 24. Ng5 h5 25. Ne4 Nd5 26. g5 a6 27. Qc2 Kd7 28. Qd3 Be7 29. Qf3 Ke8 30. Kh2 g6 31. Bf4 Kd7 32. Nd6 Bxd6 33. exd6 Rc8 34. Rc5 Kd8 35. Be5 Qd7 36. Rxd5 exd5 37. Qf6+ 1-0

[Event "POL-chT U19 41st"]
[Site "Ustron"]
[Date "2010.07.13"]
[Round "8"]
[White "Poswiatowski, Michal"]
[Black "Blaszkiewicz, Mateusz"]
[Result "1-0"]
[WhiteElo "1925"]
[BlackElo "1929"]
[PlyCount "99"]
[EventDate "2010.07.06"]
[EventType "team-tourn"]
[EventRounds "9"]
[EventCountry "POL"]
[SourceTitle "EXT 2019"]
[Source "ChessBase"]
[SourceDate "2018.10.10"]
[SourceVersion "1"]
[SourceVersionDate "2018.10.10"]
[SourceQuality "1"]
[WhiteTeam "Suwalki Hancza U19"]
[BlackTeam "Skierniewice KS Piatka U19"]
[WhiteTeamCountry "POL"]
[BlackTeamCountry "POL"]

1. e4 e5 2. Nf3 Nc6 3. Bb5 a6 4. Ba4 Nf6 5. d3 b5 6. Bb3 Bc5 7. Nc3 h6 8. Nd5 d6 9. c3 Bb7 10. 0-0 Nxd5 11. Bxd5 Qe7 12. d4 Bb6 13. a4 0-0 14. Be3 Rab8 15. Qd2 Na5 16. b4 Nc4 17. Bxc4 bxc4 18. dxe5 dxe5 19. Bxb6 cxb6 20. Qe3 f5 21. Nd2 b5 22. axb5 axb5 23. exf5 Rxf5 24. Ne4 Ra8 25. Rxa8+ Bxa8 26. f3 Qh4 27. Ng3 Rg5 28. f4 Rg6 29. Qxe5 Bc6 30. f5 Rf6 31. Rf4 Qg5 32. Kf2 h5 33. h4 Qh6 34. Ne2 Rd6 35. Nd4 Kh7 36. f6 Rxf6 37. Rxf6 gxf6 38. Qc7+ Kh8 39. Qxc6 Qf4+ 40. Nf3 Qf5 41. Qe8+ Kg7 42. Qe3 Qc2+ 43. Kg1 Qd1+ 44. Qe1 Qd5 45. Nd4 Kf7 46. Qe3 Qd6 47. Nxb5 Qd1+ 48. Kh2 Qg4 49. Qd4 Qe2 50. Qxc4+ 1-0

[Event "POL-chT U19 41st"]
[Site "Ustron"]
[Date "2010.07.11"]
[Round "6"]
[White "Cukrowski, Filip"]
[Black "Blaszkiewicz, Mateusz"]
[Result "1-0"]
[WhiteElo "1947"]
[BlackElo "1929"]
[PlyCount "45"]
[EventDate "2010.07.06"]
[EventType "team-tourn"]
[EventRounds "9"]
[EventCountry "POL"]
[SourceTitle "EXT 2019"]
[Source "ChessBase"]
[SourceDate "2018.10.10"]
[SourceVersion "1"]
[SourceVersionDate "2018.10.10"]
[SourceQuality "1"]
[WhiteTeam "Legnica Miedz U19"]
[BlackTeam "Skierniewice KS Piatka U19"]
[WhiteTeamCountry "POL"]
[BlackTeamCountry "POL"]

1. e4 c5 2. Nf3 d6 3. d4 cxd4 4. Nxd4 Nf6 5. Nc3 e6 6. g4 h6 7. Be3 e5 8. Nf5 g6 9. Ng3 Nxg4 10. Bc4 Nxe3 11. fxe3 Be7 12. Qf3 0-0 13. 0-0-0 Nd7 14. Rhg1 Nb6 15. Bb3 Bg5 16. Nb5 d5 17. exd5 h5 18. Nxh5 e4 19. Qg3 Bh4 20. Qe5 f6 21. Rxg6+ Kh7 22. Nxf6+ Kxg6 23. Rg1+ 1-0

[Event "POL-chT U19 41st"]
[Site "Ustron"]
[Date "2010.07.10"]
[Round "5"]
[White "Blaszkiewicz, Mateusz"]
[Black "Lebiedowicz, Borys"]
[Result "1-0"]
[WhiteElo "1929"]
[BlackElo "1595"]
[PlyCount "59"]
[EventDate "2010.07.06"]
[EventType "team-tourn"]
[EventRounds "9"]
[EventCountry "POL"]
[SourceTitle "EXT 2019"]
[Source "ChessBase"]
[SourceDate "2018.10.10"]
[SourceVersion "1"]
[SourceVersionDate "2018.10.10"]
[SourceQuality "1"]
[WhiteTeam "Skierniewice KS Piatka U19"]
[BlackTeam "Koszalin Hetman Politechnika U19"]
[WhiteTeamCountry "POL"]
[BlackTeamCountry "POL"]

1. e4 e5 2. Nf3 Nc6 3. Bb5 a6 4. Ba4 b5 5. Bb3 Nf6 6. Qe2 Bc5 7. d3 0-0 8. c3 d6 9. Nbd2 Bg4 10. h3 Be6 11. Bc2 Qd7 12. Nf1 d5 13. exd5 Bxd5 14. Ne3 e4 15. Nxd5 Qxd5 16. dxe4 Qe6 17. 0-0 h6 18. e5 Nh5 19. Qe4 f5 20. Qh4 Qe8 21. Bb3+ Kh8 22. Bd5 Nxe5 23. Bxa8 g5 24. Bxg5 hxg5 25. Qxg5 Nxf3+ 26. Bxf3 Ng7 27. Qh6+ Kg8 28. Bd5+ Rf7 29. Rae1 Qf8 30. Qg6 1-0

[Event "POL-chT U19 41st"]
[Site "Ustron"]
[Date "2010.07.07"]
[Round "2"]
[White "Jarmula, Pawel"]
[Black "Blaszkiewicz, Mateusz"]
[Result "1-0"]
[WhiteElo "1971"]
[BlackElo "1929"]
[PlyCount "75"]
[EventDate "2010.07.06"]
[EventType "team-tourn"]
[EventRounds "9"]
[EventCountry "POL"]
[SourceTitle "EXT 2019"]
[Source "ChessBase"]
[SourceDate "2018.10.10"]
[SourceVersion "1"]
[SourceVersionDate "2018.10.10"]
[SourceQuality "1"]
[WhiteTeam "Warszawa Polonia U19"]
[BlackTeam "Skierniewice KS Piatka U19"]
[WhiteTeamCountry "POL"]
[BlackTeamCountry "POL"]

1. e4 e5 2. Nf3 Nc6 3. Bc4 Nf6 4. Ng5 d5 5. exd5 Nd4 6. c3 b5 7. cxd4 bxc4 8. dxe5 Nxd5 9. Qa4+ Bd7 10. Qxc4 Qxg5 11. Qxd5 Rd8 12. 0-0 Be7 13. d4 Qg6 14. Qf3 Bg4 15. Qg3 Rxd4 16. h3 h5 17. Be3 Rd3 18. Nc3 f5 19. exf6 gxf6 20. Rfe1 Kf8 21. f3 Bd6 22. f4 f5 23. hxg4 hxg4 24. Kf2 Be7 25. Rh1 Rh6 26. Ke2 Rxh1 27. Rxh1 Qa6 28. Kf2 Bf6 29. Ne2 Qxa2 30. Bc5+ Rd6 31. Bxd6+ cxd6 32. Qd3 Qe6 33. Ng3 d5 34. Re1 Qb6+ 35. Kf1 Qxb2 36. Qxd5 Qb8 37. Qxf5 Kf7 38. Nh5 1-0

[Event "POL-ch U14"]
[Site "Sekocin Stary"]
[Date "2010.05.07"]
[Round "9"]
[White "Drozdowski, Kacper"]
[Black "Blaszkiewicz, Mateusz"]
[Result "1-0"]
[WhiteElo "2198"]
[BlackElo "1931"]
[PlyCount "45"]
[EventDate "2010.05.01"]
[EventType "swiss"]
[EventRounds "10"]
[EventCountry "POL"]
[SourceTitle "EXT 2011"]
[Source "ChessBase"]
[SourceDate "2010.11.26"]
[SourceVersion "1"]
[SourceVersionDate "2010.11.26"]
[SourceQuality "1"]

1. d4 Nf6 2. Nf3 c5 3. d5 e6 4. Nc3 b5 5. Bg5 Qa5 6. Bxf6 gxf6 7. e4 a6 8. Be2 Bb7 9. 0-0 b4 10. Nb1 f5 11. Nbd2 d6 12. dxe6 fxe6 13. Ng5 e5 14. Nc4 Qc7 15. Ne6 Qc6 16. Na5 Qb6 17. Nxb7 Qxb7 18. Bc4 Qe7 19. exf5 h5 20. f6 Qd7 21. Qd3 Rh6 22. Nxf8 Kxf8 23. Qd5 1-0

[Event "POL-ch U14"]
[Site "Sekocin Stary"]
[Date "2010.05.06"]
[Round "8"]
[White "Blaszkiewicz, Mateusz"]
[Black "Kaczmarek, Aleksander"]
[Result "1/2-1/2"]
[WhiteElo "1931"]
[BlackElo "2035"]
[PlyCount "89"]
[EventDate "2010.05.01"]
[EventType "swiss"]
[EventRounds "10"]
[EventCountry "POL"]
[SourceTitle "EXT 2011"]
[Source "ChessBase"]
[SourceDate "2010.11.26"]
[SourceVersion "1"]
[SourceVersionDate "2010.11.26"]
[SourceQuality "1"]

1. e4 c6 2. d4 d5 3. Nc3 dxe4 4. Nxe4 Nf6 5. Nxf6+ gxf6 6. Nf3 Bg4 7. Be2 e6 8. Bf4 Bd6 9. Qd2 Qc7 10. Bxd6 Qxd6 11. 0-0-0 Nd7 12. c4 0-0-0 13. h3 Bf5 14. Nh4 Bg6 15. Nxg6 hxg6 16. Kb1 Kb8 17. Bf3 f5 18. Rhe1 f4 19. Qa5 c5 20. Qb5 Qc7 21. Rd3 a6 22. Qb3 cxd4 23. Rxd4 Nc5 24. Qc3 Rxd4 25. Qxd4 Rd8 26. Qe5 Rd2 27. Qxc7+ Kxc7 28. Re2 Rxe2 29. Bxe2 Ne4 30. f3 Ng3 31. Bd3 Kd6 32. Kc2 f5 33. b4 e5 34. c5+ Kc6 35. Bc4 e4 36. a4 a5 37. Bb5+ Kd5 38. bxa5 Kxc5 39. a6 bxa6 40. Bxa6 Kb4 41. Bb5 g5 42. Kd1 e3 43. Ke1 Nh5 44. Ke2 Nf6 45. Bc6 1/2-1/2

[Event "Karpacz op"]
[Site "Karpacz"]
[Date "2010.02.26"]
[Round "7"]
[White "Blaszkiewicz, Mateusz"]
[Black "Gromala, Radoslaw"]
[Result "1-0"]
[WhiteElo "1909"]
[BlackElo "1648"]
[PlyCount "47"]
[EventDate "2010.02.21"]
[EventType "swiss"]
[EventRounds "9"]
[EventCountry "POL"]
[SourceTitle "CBM 135 Extra"]
[Source "ChessBase"]
[SourceDate "2010.05.04"]
[SourceVersion "1"]
[SourceVersionDate "2010.05.04"]
[SourceQuality "1"]

1. e4 c5 2. Nf3 d6 3. d4 cxd4 4. Nxd4 Nf6 5. Nc3 a6 6. Be2 e6 7. a4 Be7 8. Be3 Bd7 9. 0-0 Nc6 10. f4 Rc8 11. g4 h6 12. g5 Ng8 13. a5 Nxa5 14. g6 fxg6 15. Bg4 Nc4 16. Bc1 Qb6 17. Na4 Qa7 18. b3 Bf6 19. c3 Na5 20. Be3 Bxa4 21. Rxa4 Rxc3 22. Bf2 Qb6 23. Nxe6 Qxb3 24. Qxd6 1-0

[Event "Karpacz op"]
[Site "Karpacz"]
[Date "2010.02.23"]
[Round "2"]
[White "Mulet, Piotr"]
[Black "Blaszkiewicz, Mateusz"]
[Result "1-0"]
[WhiteElo "2352"]
[BlackElo "1909"]
[PlyCount "71"]
[EventDate "2010.02.21"]
[EventType "swiss"]
[EventRounds "9"]
[EventCountry "POL"]
[SourceTitle "CBM 135 Extra"]
[Source "ChessBase"]
[SourceDate "2010.05.04"]
[SourceVersion "1"]
[SourceVersionDate "2010.05.04"]
[SourceQuality "1"]

1. e4 e5 2. Nf3 Nc6 3. Nc3 Nf6 4. Bb5 d6 5. d4 exd4 6. Nxd4 Bd7 7. Bxc6 bxc6 8. Qf3 Be7 9. e5 Nd5 10. Nxd5 cxd5 11. Qxd5 0-0 12. e6 Be8 13. 0-0 Bf6 14. Nc6 Bxc6 15. exf7+ Rxf7 16. Qxc6 Rb8 17. Rb1 Rb6 18. Qd5 c6 19. Qe6 d5 20. Rd1 Kf8 21. Bf4 Rd7 22. Be5 Bxe5 23. Qxe5 Re7 24. Qc3 Qd6 25. Re1 Rbb7 26. Qh3 Rxb2 27. Rbd1 Rxe1+ 28. Rxe1 Rb8 29. Qxh7 d4 30. g3 Kf7 31. Re4 Qd5 32. Rf4+ Ke6 33. Qg6+ Kd7 34. Rf7+ Kc8 35. Qg4+ Kd8 36. Qh4+ 1-0

[Event "Polanica Zdroj op-B 45th"]
[Site "Polanica Zdroj"]
[Date "2009.08.26"]
[Round "9"]
[White "Szadkowski, Krzysztof"]
[Black "Blaszkiewicz, Mateusz"]
[Result "0-1"]
[WhiteElo "2100"]
[BlackElo "1898"]
[PlyCount "48"]
[EventDate "2009.08.18"]
[EventType "swiss"]
[EventRounds "10"]
[EventCountry "POL"]
[SourceTitle "CBM 131 Extra"]
[Source "ChessBase"]
[SourceDate "2009.09.03"]
[SourceVersion "2"]
[SourceVersionDate "2009.09.16"]
[SourceQuality "1"]

1. e4 e5 2. Nf3 Nc6 3. Bb5 a6 4. Ba4 Nf6 5. 0-0 Be7 6. Re1 b5 7. Bb3 d6 8. h3 0-0 9. c3 Na5 10. Bc2 d5 11. d4 dxe4 12. Nxe5 Bb7 13. Bg5 c5 14. dxc5 Qc7 15. Bxf6 Rad8 16. Qh5 Bxf6 17. Ng4 Be7 18. b4 Rd5 19. Nh6+ gxh6 20. Qe2 Rg5 21. bxa5 e3 22. f3 Bxc5 23. Qd3 Rg7 24. Re2 Bxf3 0-1

[Event "Polanica Zdroj op-B 45th"]
[Site "Polanica Zdroj"]
[Date "2009.08.23"]
[Round "6"]
[White "Gromczak, Dariusz"]
[Black "Blaszkiewicz, Mateusz"]
[Result "0-1"]
[WhiteElo "2057"]
[BlackElo "1898"]
[PlyCount "104"]
[EventDate "2009.08.18"]
[EventType "swiss"]
[EventRounds "10"]
[EventCountry "POL"]
[SourceTitle "CBM 131 Extra"]
[Source "ChessBase"]
[SourceDate "2009.09.03"]
[SourceVersion "2"]
[SourceVersionDate "2009.09.16"]
[SourceQuality "1"]

1. e4 e5 2. Nf3 Nc6 3. d4 exd4 4. Nxd4 Bc5 5. Nxc6 Qf6 6. Qd2 dxc6 7. Nc3 Ne7 8. Na4 Bd6 9. Bd3 Be6 10. 0-0 Rg8 11. Qg5 0-0-0 12. Nc3 Qxg5 13. Bxg5 h6 14. Be3 g5 15. a4 Ng6 16. a5 a6 17. Na4 Ne5 18. Rfd1 Ng4 19. Bc5 Bxh2+ 20. Kf1 Bd6 21. Bxd6 cxd6 22. Ke2 Ne5 23. Nb6+ Kc7 24. c4 Nxd3 25. Rxd3 f5 26. exf5 Bxf5 27. Re3 Rge8 28. Rh1 h5 29. g3 Rxe3+ 30. fxe3 Bg4+ 31. Ke1 Rf8 32. Rf1 Rxf1+ 33. Kxf1 Bf3 34. Kf2 Be4 35. Na4 d5 36. c5 Bf5 37. Nc3 Kd7 38. Ne2 Ke6 39. Nd4+ Kf6 40. Ne2 Bg4 41. Nc3 Ke5 42. Ke1 d4 43. exd4+ Kxd4 44. Kd2 Kxc5 45. Ne4+ Kb5 46. Nxg5 Kxa5 47. Kc3 b5 48. b4+ Kb6 49. Ne4 a5 50. bxa5+ Kxa5 51. Kb2 b4 52. Nc5 Kb5 0-1

[Event "Polanica Zdroj op-B 45th"]
[Site "Polanica Zdroj"]
[Date "2009.08.20"]
[Round "3"]
[White "Golek, Jagoda"]
[Black "Blaszkiewicz, Mateusz"]
[Result "1-0"]
[WhiteElo "2040"]
[BlackElo "1898"]
[PlyCount "65"]
[EventDate "2009.08.18"]
[EventType "swiss"]
[EventRounds "10"]
[EventCountry "POL"]
[SourceTitle "CBM 131 Extra"]
[Source "ChessBase"]
[SourceDate "2009.09.03"]
[SourceVersion "2"]
[SourceVersionDate "2009.09.16"]
[SourceQuality "1"]

1. e4 e5 2. Nf3 Nc6 3. Bc4 Bc5 4. 0-0 Nf6 5. d3 0-0 6. c3 d6 7. b4 Bb6 8. a4 a6 9. Bb3 Ne7 10. Be3 c6 11. Nbd2 Bc7 12. d4 exd4 13. cxd4 Ng6 14. Qc2 Be6 15. Rac1 Bxb3 16. Nxb3 Rc8 17. h3 Re8 18. Nfd2 Qe7 19. f3 Nh5 20. Rce1 Nhf4 21. Rf2 Qg5 22. Kh2 Qh4 23. Nf1 d5 24. Kg1 dxe4 25. fxe4 Rxe4 26. Nbd2 Re7 27. Nf3 Nxh3+ 28. gxh3 Qxh3 29. Ng5 Qh4 30. Qf5 Rce8 31. Rd1 f6 32. Nf3 Qe4 33. Qh3 1-0